Kajian lengkap penyucian jiwa tazkiyah an-nafs : intisari Ihya Ulumuddin

Bibliographic Details
Main Author: Sa'id Hawwa
Format: Book
Published: Batu Caves : Al-Hidayah House Of Publishers Sdn. Bhd. , 2015
Subjects:

MARC

LEADER 00000cam a2200000 7i4500
001 0000205708
005 20160526.0
020 |a 9674392009 
020 |a 9789674392000 
090 0 0 |a 297.225   |b SAI 
100 0 |a Sa'id Hawwa 
245 1 0 |a Kajian lengkap penyucian jiwa tazkiyah an-nafs :   |b intisari Ihya Ulumuddin   |c Sa'id Hawwa 
260 |a Batu Caves :   |b Al-Hidayah House Of Publishers Sdn. Bhd. ,   |c 2015 
300 |a 589p. ;   |c 26cm. 
650 0 |a Islam   |x Customs and practices 
650 0 |a Soul   |x Islam   |x Koranic teaching 
650 0 |a Sufism 
999 |a 00315390   |b BUKU   |c PINJAMAN   |e PERPUSTAKAAN KOMUNITI PETALING JAYA